Individuálna účtovná závierka rozpočtových a príspevkových organizácií a obcí na prelome rokov 2007 a 2008
Všeobecná charakteristika účtovnej závierky. Obsah informácií účtovnej závierky vo vzťahu k predmetu účtovníctva. Súčasti účtovnej závierky. Právna úprava účtovnej závierky. Druhy účtovnej závierky. Obsah a základná štruktúra súvahy zostavovanej v rokoch 2003-2007. Základné zmeny v obsahu a v štruk...
Saved in:
| Main Author: | |
|---|---|
| Other Authors: | |
| Format: | Book Chapter |
| Language: | Slovak |
| Subjects: | |
| Tags: |
No Tags, Be the first to tag this record!
|
MARC
| LEADER | 00000naa$a2200000$$$4500 | ||
|---|---|---|---|
| 001 | 0084715 | ||
| 005 | 20240502071946.9 | ||
| 041 | 0 | |a slo | |
| 044 | |a SK | ||
| 245 | 1 | 0 | |a Individuálna účtovná závierka rozpočtových a príspevkových organizácií a obcí na prelome rokov 2007 a 2008 |c Antónia Kovalčíková, Alena Kordošová |
| 520 | |a Všeobecná charakteristika účtovnej závierky. Obsah informácií účtovnej závierky vo vzťahu k predmetu účtovníctva. Súčasti účtovnej závierky. Právna úprava účtovnej závierky. Druhy účtovnej závierky. Obsah a základná štruktúra súvahy zostavovanej v rokoch 2003-2007. Základné zmeny v obsahu a v štruktúre súvahy. Obsah a základná štruktúra výkazu ziskov a strát zostavovaného od roku 2008. Základné zmeny v obsahu a v štruktúre výkazu ziskov a strát. | ||
| 610 | 2 | 0 | |a organizácie príspevkové |
| 610 | 2 | 0 | |a účtovníctvo |
| 610 | 2 | 0 | |a výkaz ziskov a strát |
| 610 | 2 | 0 | |a úpravy právne |
| 610 | 2 | 0 | |a organizácie rozpočtové |
| 610 | 2 | 0 | |a závierka účtovná konsolidovaná |
| 100 | 1 | |a Kovalčíková, Antónia | |
| 700 | 1 | |a Kordošová, Alena, 1970- | |